Statistiques concernant Personnages des Frères Scott par images

Cliquez ici pour prendre le quiz!

Statistiques générales

  • Ce quiz a été pris 157 fois
  • Le résultat moyen est 12 sur 16

Statistiques - réponses

Réponse% Correct
Lucas Scott
99%
Nathan Scott
99%
Brooke Davis
95%
Peyton Sawyer
95%
Daniel Scott
94%
Marvin McFadden
93%
Haley James
91%
Karen Roe
77%
Keith Scott
77%
Rachel Gatina
75%
Julian Baker
73%
Deborah Lee
71%
Antwon Taylor
65%
Cooper Lee
42%
Elizabeth Harp
39%
Andy Hargrove
31%

Distribution des résultats

Percentile par nombre de réponses

% des personnes avec chaque résultat

Votre développement - résultats

Vous n’avez pas pris ce quiz